| 000 | 01200cam a2200253 a 4500 | ||
|---|---|---|---|
| 001 | 000009348 | ||
| 005 | 20200929161549.0 | ||
| 008 | 980518s1997 ve 001 0 spa | ||
| 020 | _a980010982X | ||
| 035 | _a(DLC) 98151412 | ||
| 035 | _a(BoCbEI)ei 9707M0199 | ||
| 040 |
_aDO-SdBNP _cDLC _dDLC |
||
| 050 | 0 | 0 | _aMLCS 98/05148 (P) |
| 082 |
_annb _bR763p |
||
| 100 | 1 |
_aRomero, Armando, _d1944- _924112 |
|
| 245 | 1 | 3 |
_aLa piel por la piel / _cArmando Romero. |
| 260 |
_aCaracas, (Venezuela) : _bMonte Ávila Editores Latinoamericana, _c1997. |
||
| 300 |
_a204 p. ; _c21 cm. |
||
| 490 | 1 |
_aContinentes _aMuseo de arte contemporáneo de Caracas Sofía Imbert. |
|
| 520 | 1 | _a"Esta novela es el segundo de una trilogía de Romero, uno de los miembros más jóvenes del movimiento Nadaísta. Narra la historia de un escritor laberíntico que termina en Mérida, Venezuela, una ciudad universitaria. Uno de los logros de la novela de Romero es la representación humorística de la vida universitaria, un tema rara vez explorado en la literatura latinoamericana "- Handbook of Latin American Studies, v. 58. | |
| 830 | 0 |
_aContinentes. _95341 |
|
| 910 | _aCatalogación por copia / LC | ||
| 049 | _aBNGR | ||
| 999 |
_c9108 _d9108 |
||